Films en une image (édition décennies #1) - Statistiques

Statistiques générales
  • Ce quiz a été pris 657 fois
  • Le résultat moyen est 5 sur 12
Statistiques - réponses
Par images Réponse % Correct
Le dictateur
85%
Le magicien d'Oz
85%
Les temps modernes
84%
Citizen Kane
56%
Autant en emporte le vent
44%
Casablanca
42%
Les lumières de la ville
26%
La vie est belle
21%
Les raisins de la colère
8%
Mr. Smith au Sénat
8%
L'impossible monsieur Bebe
6%
Rebecca
5%
Aucun quiz correspondant
Distribution des résultats
% des personnes avec chaque résultat
Percentile par nombre de réponses
Votre historique - résultats
Vous n’avez pas pris ce quiz